| 000 | 00820nam a2200241Ii 4500 | ||
|---|---|---|---|
| 003 | JO-AjNU | ||
| 008 | 230605s9999||||xx |||||||||||||| ||und|| | ||
| 017 | _a20/3628 | ||
| 020 | _a9960-32-081-2 | ||
| 040 |
_aJO-AjNU _bara _erda _cJO-AjNU |
||
| 041 | _aara | ||
| 050 | 1 | 4 | _aBP173.753.R5282 2000 |
| 100 | 3 |
_aسعد الله، رضا, _eauthor _927867 |
|
| 245 | 0 | 0 | _aمفهوم الزمن في الإقتصاد الإسلامي |
| 250 | _aط2 | ||
| 264 | 3 | 1 | _aجدة: المعهد الاسلامي للبحوث والتدريب، 2000 |
| 300 |
_a47ص _bيتضمن قائمة المصادر( ص43-47) |
||
| 336 |
_atext _btxt _2rdacontent |
||
| 337 |
_aunmediated _bn _2rdamedia |
||
| 338 |
_avolume _bnc _2rdacarrier |
||
| 490 | 0 | _aورقة مناقشة 10 | |
| 650 | 4 |
_aالاقتصاد الاسلامي _927868 |
|
| 999 |
_aA10740 _c14308 _d14308 |
||